<?xml version="1.0" encoding="UTF-8"?>
<record
    xmlns:xsi="http://www.w3.org/2001/XMLSchema-instance"
    xsi:schemaLocation="http://www.loc.gov/MARC21/slim http://www.loc.gov/standards/marcxml/schema/MARC21slim.xsd"
    xmlns="http://www.loc.gov/MARC21/slim">

  <leader>00804nam a22001937a 4500</leader>
  <controlfield tag="005">20220507103047.0</controlfield>
  <controlfield tag="008">220426b           ||||| |||| 00| 0 eng d</controlfield>
  <datafield tag="040" ind1=" " ind2=" ">
    <subfield code="c">AL</subfield>
  </datafield>
  <datafield tag="041" ind1=" " ind2=" ">
    <subfield code="a">Kannada</subfield>
  </datafield>
  <datafield tag="082" ind1=" " ind2=" ">
    <subfield code="2">23</subfield>
    <subfield code="b">BALR</subfield>
    <subfield code="a">355K</subfield>
  </datafield>
  <datafield tag="100" ind1=" " ind2=" ">
    <subfield code="a">H K Balasuri &#xC8E;&#xC9A;&#xCCD;.&#xC95;&#xCC6;. &#xCAC;&#xCBE;&#xCB2;&#xCB8;&#xCC2;&#xCB0;&#xCBF;   </subfield>
    <subfield code="9">34683</subfield>
  </datafield>
  <datafield tag="245" ind1=" " ind2=" ">
    <subfield code="a">Rakshavahini:Bharatiya Senaapadegala Parichaya &#xCB0;&#xC95;&#xCCD;&#xCB7;&#xCBE;&#xCB5;&#xCBE;&#xCB9;&#xCBF;&#xCA8;&#xCBF;:&#xCAD;&#xCBE;&#xCB0;&#xCA4;&#xCC0;&#xCAF; &#xCB8;&#xCC7;&#xCA8;&#xCBE;&#xCAA;&#xCA1;&#xCC6;&#xC97;&#xCB3; &#xCAA;&#xCB0;&#xCBF;&#xC9A;&#xCAF;</subfield>
  </datafield>
  <datafield tag="260" ind1=" " ind2=" ">
    <subfield code="a">Bengaluru &#xCAC;&#xCC6;&#xC82;&#xC97;&#xCB3;&#xCC2;&#xCB0;&#xCC1;  </subfield>
    <subfield code="b">Anoohya Creations &#xC85;&#xCA8;&#xCC2;&#xCB9;&#xCCD;&#xCAF; &#xC95;&#xCCD;&#xCB0;&#xCBF;&#xCAF;&#xCC7;&#xCB7;&#xCA8;&#xCCD;&#xCB8;&#xCCD; </subfield>
    <subfield code="c">2000</subfield>
  </datafield>
  <datafield tag="300" ind1=" " ind2=" ">
    <subfield code="a">xvi,136 p.</subfield>
    <subfield code="b">PB</subfield>
    <subfield code="c">24x18 cm.</subfield>
  </datafield>
  <datafield tag="365" ind1=" " ind2=" ">
    <subfield code="c">&#x20B9;</subfield>
    <subfield code="d">&#x20B9;375.00</subfield>
  </datafield>
  <datafield tag="650" ind1=" " ind2=" ">
    <subfield code="a">Bharatiya noukapade &#xCAD;&#xCBE;&#xCB0;&#xCA4;&#xCC0;&#xCAF; &#xCA8;&#xCCC;&#xC95;&#xCBE;&#xCAA;&#xCA1;&#xCC6; </subfield>
    <subfield code="9">31996</subfield>
  </datafield>
  <datafield tag="700" ind1=" " ind2=" ">
    <subfield code="a">BALASURI (H K)</subfield>
    <subfield code="9">31997</subfield>
  </datafield>
  <datafield tag="942" ind1=" " ind2=" ">
    <subfield code="2">ddc</subfield>
    <subfield code="c">GF</subfield>
  </datafield>
  <datafield tag="999" ind1=" " ind2=" ">
    <subfield code="c">222641</subfield>
    <subfield code="d">222641</subfield>
  </datafield>
  <datafield tag="952" ind1=" " ind2=" ">
    <subfield code="0">0</subfield>
    <subfield code="1">0</subfield>
    <subfield code="2">ddc</subfield>
    <subfield code="4">0</subfield>
    <subfield code="7">0</subfield>
    <subfield code="8">GEN</subfield>
    <subfield code="a">AL</subfield>
    <subfield code="b">AL</subfield>
    <subfield code="d">2013-03-23</subfield>
    <subfield code="l">0</subfield>
    <subfield code="o">355K BALR</subfield>
    <subfield code="p">GF02954</subfield>
    <subfield code="r">2022-04-26 00:00:00</subfield>
    <subfield code="w">2022-04-26</subfield>
    <subfield code="y">GF</subfield>
  </datafield>
</record>
